Východiská formovania štruktúrnej politiky z hľadiska socialistickej ekonomickej integrácie a medzinárodnej deľby práce teoreticko-analytická štúdia : stručný výťah

Guardado en:
Detalles Bibliográficos
Autor principal: Šikula, Milan
Formato: Libro
Lenguaje:eslovaco
Publicado: Bratislava Ekonomický ústav SAV 1985
Colección:Výskumné práce č. 68
Etiquetas: Agregar Etiqueta
Sin Etiquetas, Sea el primero en etiquetar este registro!

MARC

LEADER 00000nam a2200000 4500
001 c108023
005 20041019155140.4
041 0 |a slo 
044 |a SK 
245 1 0 |a Východiská formovania štruktúrnej politiky z hľadiska socialistickej ekonomickej integrácie a medzinárodnej deľby práce  |b teoreticko-analytická štúdia : stručný výťah  |c Milan Šikula 
264 1 |a Bratislava  |b Ekonomický ústav SAV  |c 1985 
300 |a 39 s. 
490 1 |a Výskumné práce  |v č. 68 
830 0 |a Výskumné práce  |v č. 68 
100 1 |a Šikula, Milan